000 00609nam a2200193Ia 4500
005 20250508160211.0
008 008 250505s9999 xx 000 0 eng d
037 _aBooks to be hide in OPAC
040 _aFEDL
_beng
_cFEDL
041 _aeng
_2eng
084 _a370.73, UNI/O
_qFEDL
100 _aBarnard J Lynn
_9768117
245 0 _aTeaching of community civics
260 _aWashington, USA
_bU.S. Government Printing Office
_c1915
300 _a55p.
700 _a Carrier F W Dunn Arthur WiliamKingsley Charence D
_9768118
942 _cHB
_h370.73, UNI/O
999 _c1362616
_d1362616